000 00568nam a2200205Ia 4500
003 GCL
008 140319s9999 xx 000 0 ara d
040 _aGCL /
_cGCL
082 0 4 _a920.72
_bف ا
100 1 _aفارمر، ليديا هويت
245 1 0 _aاشهر ملكات التاريخ /
_cفارمر، ليديا هويت
300 _a175 ص
490 _a
650 0 4 _aالتراجم
650 0 4 _aالنساء
650 0 4 _aالملكات
650 0 4 _aالمرأة فى الادب
650 0 4 _aالمرأة فى التاريخ
942 _2ddc
_cBK
999 _c37774
_d37774